000 00928nam a22002414a 4500
005 20071114120703.0
008 070217s2007 ii | b 00| 0 eng
010 _aENG-93354
020 _a8189886312
_c450.00
020 _a9788189886318
_c450.00
035 _aEN-76887
037 _bDBAD / PUB
040 _adpl
_bEnglish
082 _a333.715082
100 _aBourai, Himanshu
245 _aWomen's participation in nutural resource mangement /
_cby Himanshu Bourai
260 _aDelhi
_bAbhijeet Publications
_c2008
270 _a2/46 Tukhmeerpur Extension
_bDelhi
_e110094
300 _aviii, 190p.
_c22cm (Hb)
500 _aIncludes bibliographical references and index
942 _2ddc
_cEN
_mBOU
_h333.715082
999 _c26006
_d26006